| 000 | 01358nam a22002177a 4500 | ||
|---|---|---|---|
| 999 |
_c58200 _d58200 |
||
| 003 | Ge_BSU | ||
| 005 | 20210910130951.0 | ||
| 008 | 210910s2019 ge ||||| |||| 00| 0 geo d | ||
| 020 | _a9789941266089 | ||
| 041 | _ageo | ||
| 080 | _a821.112.2.03=353.1 ა-38 | ||
| 100 |
_aაიხინგერი, ილზე _912447 |
||
| 245 |
_aგაჩუქებული რჩევა = Verschenkter Rat : _bლექსები / _cილზე აიხინგერი ; გერმანულიდან თარგმნა და ბოლოსიტყვაობა დაურთო დათო ბარბაქაძემ ; ყდა, სუპერყდა და ილუსტრაციები ბადრი გუგუშვილის. |
||
| 264 |
_aთბილისი : _bუნივერსალი, _c2019. |
||
| 300 |
_a204 გვ. : _bილ.; _c20 სმ. |
||
| 500 | _aლექსები ქართულ და გერმანულ ენებზე | ||
| 653 | _aგერმანული პოეზია. | ||
| 700 |
_aბარბაქაძე, დათო _eმთარგმნელი, ბოლოსიტყვაობის ავტორი _912448 |
||
| 700 |
_aგუგუშვილი, ბადრი _eილუსტრატორი _912449 |
||
| 942 |
_2udc _cBK |
||